Diccionario de términos filológicos
محفوظ في:
| المؤلف الرئيسي: | |
|---|---|
| التنسيق: | كتاب |
| اللغة: | Undetermined |
| منشور في: |
Madrid, España
Gredos
1974
|
| الطبعة: | 3 |
| سلاسل: | Biblioteca Románica Hispánica
III. Manuales, 6 |
| الموضوعات: | |
| الوسوم: |
إضافة وسم
لا توجد وسوم, كن أول من يضع وسما على هذه التسجيلة!
|
MARC
| LEADER | 00000nam a2200000Ia 4500 | ||
|---|---|---|---|
| 008 | 170316s9999 xx 000 0 und d | ||
| 020 | |a 84-249-1112-1 | ||
| 040 | |a cru BVZT | ||
| 090 | |a R-413 L-1d FILOL | ||
| 100 | |a Lázaro Carreter, Fernando | ||
| 245 | |a Diccionario de términos filológicos | ||
| 250 | |a 3 |b corregida | ||
| 260 | |a Madrid, España | ||
| 260 | |b Gredos | ||
| 260 | |c 1974 | ||
| 300 | |a 443 páginas | ||
| 490 | |a Biblioteca Románica Hispánica |v III. Manuales, 6 | ||
| 630 | |l Español | ||
| 650 | 0 | |a REFERENCIA |9 27 | |
| 650 | 0 | |a DICCIONARIO |9 28 | |
| 650 | 0 | |a FILOLOGÍA |9 186 | |
| 942 | |c REF |2 z | ||
| 999 | |c 14652 |d 14652 | ||



